Statistiche per Capoluoghi di provincia per altitudine

Clicka qui per fare il quiz!

Statistiche generali

  • Questo quiz è stato fatto 2 volte
  • Il punteggio medio è 11 su 109

Statistiche sulle risposte

metri sul livello del mareRisposta% Corretto
105583m s.l.m.Aosta
100%
104568m s.l.m.Caltanissetta
100%
102534m s.l.m.Cuneo
100%
109931m s.l.m.Enna
100%
107714m s.l.m.L'Aquila
100%
108819m s.l.m.Potenza
100%
083296m s.l.m.Arezzo
50%
081262m s.l.m.Bolzano
50%
106701m s.l.m.Campobasso
50%
097423m s.l.m.Isernia
50%
094401m s.l.m.Matera
50%
103549m s.l.m.Nuoro
50%
095405m s.l.m.Rieti
50%
084307m s.l.m.Sondrio
50%
072194m s.l.m.Trento
50%
0012m s.l.m.Trieste
50%
077230m s.l.m.Agrigento
0%
05995m s.l.m.Alessandria
0%
03830m s.l.m.Ancona
0%
068151m s.l.m.Andria
0%
069154m s.l.m.Ascoli Piceno
0%
063123m s.l.m.Asti
0%
091348m s.l.m.Avellino
0%
0135m s.l.m.Bari
0%
02715m s.l.m.Barletta
0%
093383m s.l.m.Belluno
0%
066135m s.l.m.Benevento
0%
080249m s.l.m.Bergamo
0%
096420m s.l.m.Biella
0%
04654m s.l.m.Bologna
0%
067149m s.l.m.Brescia
0%
02513m s.l.m.Brindisi
0%
0146m s.l.m.Cagliari
0%
060111m s.l.m.Carbonia
0%
05468m s.l.m.Caserta
0%
0167m s.l.m.Catania
0%
087320m s.l.m.Catanzaro
0%
090330m s.l.m.Chieti
0%
074201m s.l.m.Como
0%
078238m s.l.m.Cosenza
0%
04345m s.l.m.Cremona
0%
0188m s.l.m.Crotone
0%
086319m s.l.m.Fermo
0%
0209m s.l.m.Ferrara
0%
04550m s.l.m.Firenze
0%
05576m s.l.m.Foggia
0%
04034m s.l.m.Forlì
0%
082291m s.l.m.Frosinone
0%
03419m s.l.m.Genova
0%
05784m s.l.m.Gorizia
0%
02110m s.l.m.Grosseto
0%
02210m s.l.m.Imperia
0%
0063m s.l.m.La Spezia
0%
03621m s.l.m.Latina
0%
04449m s.l.m.Lecce
0%
075214m s.l.m.Lecco
0%
0053m s.l.m.Livorno
0%
05887m s.l.m.Lodi
0%
03219m s.l.m.Lucca
0%
085315m s.l.m.Macerata
0%
03319m s.l.m.Mantova
0%
05265m s.l.m.Massa
0%
0033m s.l.m.Messina
0%
062122m s.l.m.Milano
0%
04134m s.l.m.Modena
0%
070162m s.l.m.Monza
0%
03117m s.l.m.Napoli
0%
071162m s.l.m.Novara
0%
0199m s.l.m.Oristano
0%
02412m s.l.m.Padova
0%
02614m s.l.m.Palermo
0%
04757m s.l.m.Parma
0%
05677m s.l.m.Pavia
0%
100493m s.l.m.Perugia
0%
02311m s.l.m.Pesaro
0%
0074m s.l.m.Pescara
0%
05161m s.l.m.Piacenza
0%
0094m s.l.m.Pisa
0%
05367m s.l.m.Pistoia
0%
03724m s.l.m.Pordenone
0%
05061m s.l.m.Prato
0%
101502m s.l.m.Ragusa
0%
0104m s.l.m.Ravenna
0%
03931m s.l.m.Reggio Calabria
0%
04858m s.l.m.Reggio Emilia
0%
0125m s.l.m.Rimini
0%
03520m s.l.m.Roma
0%
0177m s.l.m.Rovigo
0%
0084m s.l.m.Salerno
0%
076225m s.l.m.Sassari
0%
0114m s.l.m.Savona
0%
088322m s.l.m.Siena
0%
03017m s.l.m.Siracusa
0%
02815m s.l.m.Taranto
0%
098432m s.l.m.Teramo
0%
064130m s.l.m.Terni
0%
079239m s.l.m.Torino
0%
0157m s.l.m.Trani
0%
0043m s.l.m.Trapani
0%
02915m s.l.m.Treviso
0%
061113m s.l.m.Udine
0%
092382m s.l.m.Varese
0%
0022m s.l.m.Venezia
0%
073197m s.l.m.Verbania
0%
065130m s.l.m.Vercelli
0%
04959m s.l.m.Verona
0%
099476m s.l.m.Vibo Valentia
0%
04239m s.l.m.Vicenza
0%
089326m s.l.m.Viterbo
0%

Distribuzione punteggi

Percentile per numero di risposta

Percentuale di utenti per punteggio

I tuoi punteggi nel tempo

Non hai fatto questo quiz